|
|
|
|
| LEADER |
00000nab#a22000007a#4500 |
| 001 |
arbauad002856 |
| 003 |
AR-BaUAD |
| 005 |
20250711110533.0 |
| 008 |
930923|||||||||###||||||b###|0###a|spa|| |
| 040 |
|
|
|a AR-BaUAD
|c AR-BaUAD
|b spa
|
| 100 |
|
|
|a Fisher, Bob
|
| 245 |
|
|
|a Off to work we go :
|b the digital restoration of Snow White /
|c Bob Fisher;
|
| 300 |
0 |
|
|b p. 48-50, 52-54: il., fot.
|
| 653 |
|
|
|a CINE
|
| 653 |
|
|
|a COMPUTACION
|
| 653 |
|
|
|a RESTAURACION
|
| 653 |
|
|
|a ANIMACION
|
| 653 |
|
|
|a WALT DISNEY
|
| 773 |
0 |
|
|t AMERICAN CINEMATOGRAPHER
|g v. 74, Nº9 [set. 1993]
|
| 942 |
|
|
|c ARTI
|
| 952 |
|
|
|0 0
|1 0
|4 0
|7 0
|9 47776
|a AR-BAuAD
|b AR-BAuAD
|d 2025-07-11
|l 0
|p AAQA002856
|r 2025-07-11 11:05:33
|w 2025-07-11
|y ARTI
|
| 990 |
|
|
|a C199
|b TD
|
| 998 |
|
|
|a AAQ
|b BIBUN76
|
| 999 |
|
|
|c 27449
|d 27449
|